Score 0/45 Timer 08:00
3 Plays Today
Hint Answer % Correct
CartoonsTom and Jerry
96.2%
Marvel SuperheroesBlack Panther
93.5%
Batman VillainsThe Joker
92.9%
Marvel SuperheroesThor
92.8%
AnimationsThe Jungle Book
92.5%
Broadway MusicalsThe Lion King
91.8%
Faces on TIME (2000s)Darth Vader
90.8%
Faces on TIME (2000s)Tiger Woods
89.8%
CartoonsInspector Gadget
89.6%
Marvel SuperheroesWolverine
88.9%
Golden Globe for Best PictureMoonlight
88%
Batman VillainsTwo-Face
87.7%
Batman VillainsPoison Ivy
87.3%
AnimationsWALL-E
87.2%
Faces on TIME (2000s)Nelson Mandela
87%
Golden Globe for Best PictureForrest Gump
85.4%
Batman VillainsCatwoman
85.3%
ComediansEddie Murphy
83.4%
ComediansAdam Sandler
82.2%
AnimePokémon
81.9%
Broadway MusicalsLes Misérables
80.6%
Golden Globe for Best PictureOut of Africa
80.4%
AnimationsIce Age
80.1%
Hint Answer % Correct
AnimeDragon Ball
78.8%
ComediansAmy Schumer
76%
AnimationsDespicable Me
75.9%
Golden Globe for Best PictureThe Revenant
74.7%
Golden Globe for Best PictureAtonement
74.7%
Marvel SuperheroesDeadpool
74.5%
AnimationsSpirited Away
73.3%
CartoonsRugrats
72.9%
Broadway MusicalsJersey Boys
70.2%
CartoonsSouth Park
70%
Broadway MusicalsCats
69.3%
Marvel SuperheroesNightcrawler
68.6%
ComediansJerry Seinfeld
66.9%
Faces on TIME (2000s)Jay Leno
66.6%
Faces on TIME (2000s)LeBron James
66.4%
AnimeDeath Note
65.8%
Broadway MusicalsHairspray
63.7%
AnimeNaruto
62.1%
CartoonsThe Simpsons
61.3%
ComediansAziz Ansari
59.3%
AnimeSailor Moon
52.4%
Batman VillainsRa's al Ghul
43.9%
Remove Ads.
Support Sporcle.
Get the best of Sporcle when you Go Orange. This ad-free experience offers more features, more stats, and more fun while also helping to support Sporcle. Thank you for becoming a member.

You're not logged in!

Compare scores with friends on all Sporcle quizzes.
OR
Log In

Sporcle TV

Today on Sporcle TV


Watch our educational content, quiz creation guides, and fun videos on Sporcle TV.

Show Comments

Extras

Top Quizzes Today


Score Distribution

Paid Content

Your Account Isn't Verified!

In order to create a playlist on Sporcle, you need to verify the email address you used during registration. Go to your Sporcle Settings to finish the process.

Report this User

Report this user for behavior that violates our Community Guidelines.

Details: